000 00542nam a22002057a 4500
999 _c32710
_d32710
040 _aBC-EPAU
041 _afre
100 _aBENYAHYA, Celya
245 _aLe Corrid'Art pour un urbanisme 2.0 à Hussein dey
260 _aEPAU
_bEPAU
_c2019
300 _bIll. en coul., fig.
_c30 cm.
_ecd
700 _aCHERFAOUI, Dounia
_eRapporteur
700 _aBALAMANE,Rafik
_eRapporteur
942 _c32
_t4201
_u7/0282
994 _a42010282
502 _aRapport PFE
653 _aHussein Dey
653 _aUrbanisme